000 00493nam a2200157Ia 4500
003 SGT
020 _a9788120314917
082 _a621.381
_bNAG
100 _aNagrath,I.J
245 _aElectronics analog and digital
260 _bPHI Learning Private Limited
_aNew Delhi
_c1999
300 _a735p.
650 _aELECTRONICS ENGINEERING
653 _aSEMICONDUCTORS DIODES AND DIODE CIRCUITS, TRANSISTORS AND INTEGRATED CIRCUITS SMALL SIGNAL MODELS AMPLIFICATION AND BIASING
942 _2ddc
_cBK
999 _c5064
_d5064